Arabian Nights : (Record no. 16734)
[ view plain ]
| 000 -LEADER | |
|---|---|
| fixed length control field | 01366cam a2200289 a 4500 |
| 001 - CONTROL NUMBER | |
| control field | 14845376 |
| 005 - DATE AND TIME OF LATEST TRANSACTION | |
| control field | 20080620090210.0 |
| 008 - FIXED-LENGTH DATA ELEMENTS--GENERAL INFORMATION | |
| fixed length control field | 070510s2008 nyua c 000 0 eng |
| 020 ## - INTERNATIONAL STANDARD BOOK NUMBER | |
| International Standard Book Number | 1402745737 |
| 020 ## - INTERNATIONAL STANDARD BOOK NUMBER | |
| International Standard Book Number | 9781402745737 |
| 040 ## - CATALOGING SOURCE | |
| Original cataloging agency | DLC |
| Transcribing agency | DLC |
| Modifying agency | DLC |
| 082 00 - DEWEY DECIMAL CLASSIFICATION NUMBER | |
| Classification number | 398.2 |
| Edition number | 22 |
| Item number | WOO |
| 100 1# - MAIN ENTRY--PERSONAL NAME | |
| Personal name | Woodside, Martin. |
| 9 (RLIN) | 29939 |
| 245 10 - TITLE STATEMENT | |
| Title | Arabian Nights : |
| Remainder of title | Retold From the Original / |
| Statement of responsibility, etc | retold from the original by Martin Woodside ; illustrated by Lucy Corvino. |
| 260 ## - PUBLICATION, DISTRIBUTION, ETC. (IMPRINT) | |
| Place of publication, distribution, etc | New York, NY : |
| Name of publisher, distributor, etc | Sterling Pub., |
| Date of publication, distribution, etc | 2008. |
| 300 ## - PHYSICAL DESCRIPTION | |
| Extent | 151 p. : |
| Other physical details | ill. ; |
| Dimensions | 20 cm. |
| 490 0# - Series Statement | |
| Series statement | Classic starts |
| -- | 29940 |
| 520 ## - SUMMARY, ETC. | |
| Summary, etc | An abridged version of the tale of Scheherazade, daughter of King Shahryar's advisor, who tells her husband, the king, a different story every night to keep him from fulfilling his plan to kill her in the morning. |
| 650 #1 - SUBJECT ADDED ENTRY--TOPICAL TERM | |
| Topical term or geographic name as entry element | Fairy tales. |
| 9 (RLIN) | 29941 |
| 650 #1 - SUBJECT ADDED ENTRY--TOPICAL TERM | |
| Topical term or geographic name as entry element | Folklore |
| Geographic subdivision | Arab countries. |
| 9 (RLIN) | 29942 |
| 650 #1 - SUBJECT ADDED ENTRY--TOPICAL TERM | |
| Topical term or geographic name as entry element | Arabs |
| Form subdivision | Folklore. |
| 9 (RLIN) | 29943 |
| 653 ## - INDEX TERM--UNCONTROLLED | |
| Resource For college | |
| Arrived date list | May2012 |
| 700 1# - ADDED ENTRY--PERSONAL NAME | |
| Personal name | Corvino, Lucy, |
| Relator term | ill. |
| 9 (RLIN) | 29944 |
| 942 ## - ADDED ENTRY ELEMENTS (KOHA) | |
| Source of classification or shelving scheme | Dewey Decimal Classification |
| Item type | Book - Borrowing |
| Withdrawn status | Item status | Source of classification or shelving scheme | Damaged status | Not for loan | Vendor | Home library | Current library | Shelving location | Date acquired | Source of acquisition | Cost, normal purchase price | Serial Enumeration / chronology | Total Checkouts | Full call number | Barcode | Date last seen | Date last borrowed | Koha item type |
|---|---|---|---|---|---|---|---|---|---|---|---|---|---|---|---|---|---|---|
| Dewey Decimal Classification | Baccah | Central Library | Central Library | First floor | 08/05/2012 | 95.00 | 15016 | 2 | 398.2 WOO | 000026770 | 15/07/2025 | 10/02/2015 | Book - Borrowing |